000 02505nam0a2200397 4500
001 RU\NLR\BIBL_A\022673306
005 20260406091333.0
010 _a978-5-908031-66-0
_9500
035 _a(NLR Aleph) 022673306
090 _a13552134
_c13552134
100 _a20251126d2025 k y0rusy50 ca
101 0 _arus
102 _aRU
105 _aab z 000zy
181 0 _ai3
_baxxe
182 0 _an
200 1 _aИспользование опыта Китайской Народной Республики по реформированию системы образования и науки на этапе достижения технологического лидерства
_dUsing the experience of the People's Republic of China in reforming the education and science system at the stage of achieving technological leadership
_eмонография
_fД.В. Гордиенко
_zeng
203 _aТекст
_bвизуальный
_cнепосредственный
210 _aМосква
_cНаучная библиотека
_d2025
215 _a235 с.
_cил., цв. ил., карт.
_d22
300 _aНа задней сторонке пер. авт.: Гордиенко Дмитрий Владимирович, акад. (действ. чл.) Акад. воен. наук, проф., ветеран воен. службы, полк.
300 _aАвт. также на англ. яз.: Dmitry V. Gordienko
320 _aБиблиогр.: с. 150-163 (51 назв.)
510 1 _6z01790
_aUsing the experience of the People's Republic of China in reforming the education and science system at the stage of achieving technological leadership
_zeng
606 1 _aОбразование
_yКитайская Народная Республика
_92472400
_3RU\NLR\AUTH\661468292
606 1 _aНаука
_yКитайская Народная Республика
_92526035
_3RU\NLR\AUTH\6601710691
607 _aКитайская Народная Республика
_xСоциально-экономическое развитие
_92415368
_3RU\NLR\AUTH\6601657738
686 1 _aЧ34(5Кит)
686 1 _aЧ214(5Кит)7
686 1 _aУ03(5Кит)74
700 1 _7ca
_8rus
_aГордиенко
_bД. В.
_gДмитрий Владимирович
_3RU\NLR\AUTH\770281923
_92669395
790 1 _7ba
_8rus
_aGordienko
_bD. V.
_gDmitrij Vladimirovič
_3RU\NLR\AUTH\770281924
_92669396
942 _cUNSPEC
980 _aNB